| 000 | 00788nam0a22002651 4500 | ||
|---|---|---|---|
| 001 | RU\NLR\INFOCOMM5\ROSSICA\1000296312 | ||
| 005 | 20250613191753.0 | ||
| 035 | _a(NLR Aleph) 009940091 | ||
| 090 |
_a10758430 _c10758430 |
||
| 100 | _a20030522d1859 |||y0rusy50 ca | ||
| 101 | 0 | _ager | |
| 102 | _aRU | ||
| 105 | _ay ||||000ay | ||
| 200 | 1 |
_aDie Heuschrecken in der Krym, im Jahre 1859 _fPeter v. Köppen |
|
| 210 |
_aMoskau _d1859 |
||
| 215 | _d8° | ||
| 700 | 1 |
_9z01790 _aKeppen _bP.I. _cрос. статистик, этнограф _f1793-1864 _gPetr Ivanovič _4070 |
|
| 790 | 1 |
_9z01700 _aKöppen _bP.von _gPeter von _4070 |
|
| 801 | 1 |
_aRU _bInfoComm _c20030522 |
|
| 801 | 0 |
_aRU _bNLR _gPSBO |
|
| 852 |
_aNLR _j13.21.3.354 |
||
| 942 | _cBOOK | ||
| 980 | _aNB | ||
| 980 | _aRossica | ||